Política fiscal y ciclo económico (Registro nro. 6562)

Detalles MARC
000 -LEADER
fixed length control field 01965 a2200229 4500
001 - CONTROL NUMBER
control field 59009
005 - DATE AND TIME OF LATEST TRANSACTION
control field 20260407155844.0
008 - FIXED-LENGTH DATA ELEMENTS--GENERAL INFORMATION
fixed length control field 260407a1963 arg spa d
003 - CONTROL NUMBER IDENTIFIER
control field AR-UNSa-BCEJYS
040 ## - CATALOGING SOURCE
Original cataloging agency AR-UNSa-BCEJYS
Language of cataloging spa
Transcribing agency AR-UNSa-BCEJYS
080 ## - UNIVERSAL DECIMAL CLASSIFICATION NUMBER
Universal Decimal Classification number 330.35
Common auxiliary subdivision Crecimiento económico
100 1# - MAIN ENTRY--PERSONAL NAME
Personal name Hansen, Alvin H.
245 10 - TITLE STATEMENT
Title Política fiscal y ciclo económico
250 ## - EDITION STATEMENT
Edition statement 3a. ed.
264 #1 - PRODUCTION, PUBLICATION, DISTRIBUTION, MANUFACTURE, AND COPYRIGHT NOTICE
Place of production, publication, distribution, manufacture Buenos Aires :
Name of producer, publisher, distributor, manufacturer Fondo de Cultura Económica
Date of production, publication, distribution, manufacture, or copyright notice 1963
300 ## - PHYSICAL DESCRIPTION
Extent 381 p.
Dimensions 22 cm.
505 ## - FORMATTED CONTENTS NOTE
Formatted contents note Parte I: Explicación de la década 1930-1939: 1. La década 1930-1939 y los ciclos económicos anteriores – 2. Inversión y consumo (1920-1939) – 3. La política monetaria durante la depresión – 4. La política fiscal en la recuperación – 5. La recuperación en Gran Bretaña – Parte II: El papel cambiante de la política fiscal: 6. Antigua y moderna política fiscal – 7. Carácter variable de los gastos públicos – 8. La estructura fiscal – 9. Desarrollo y papel de la deuda pública – 10. Teoría y práctica presupuestales – Parte III: Política fiscal y ocupación plena de los recursos: 11. El modulo cíclico del consumo y el ingreso – 12. Fomento monetario y política fiscal compensatoria – 13. Política fiscal compensatoria – 14. La economía dinámica frente a la de corriente circular – 15. Flexibilidad de los precios y ocupación plena de los recursos – Parte IV: Incentivos a la inversión pasado y presente: 16. Papel de las inversiones en la economía moderna – 17. Expansión extensiva e intensiva – 18. Primeros métodos de financiamiento – 19. El efecto de la estructura impositiva sobre la inversión – 20. La economía dual – Parte V: La economía de la postguerra: 21. Ocupación plena en la postguerra – 22. Consumo e ingreso nacional en la postguerra
590 ## - LOCAL NOTE (RLIN)
Local note niveau_biblio:m niveau_hierar:0
700 1# - ADDED ENTRY--PERSONAL NAME
Personal name Fernández Maza, Rafael
700 1# - ADDED ENTRY--PERSONAL NAME
Personal name Lara, Cristóbal
942 ## - ADDED ENTRY ELEMENTS (KOHA)
Koha item type
Existencias
Withdrawn status Lost status Damaged status Not for loan Home library Current library Shelving location Date acquired Total checkouts Full call number Barcode Date last seen Price effective from Koha item type
        Biblioteca Prof. Eusebio Cleto del Rey Biblioteca Prof. Eusebio Cleto del Rey   07/04/2026   330.35 H249 3ed. L24418 07/04/2026 07/04/2026 Libro